Second language writing/ (Record no. 363877)
[ view plain ]
| 000 -LEADER | |
|---|---|
| fixed length control field | 00368nam a2200121Ia 4500 |
| 008 - FIXED-LENGTH DATA ELEMENTS--GENERAL INFORMATION | |
| fixed length control field | 200626s9999 xx 000 0 und d |
| 020 ## - INTERNATIONAL STANDARD BOOK NUMBER | |
| International Standard Book Number | 0-521-82705-1 |
| 100 ## - MAIN ENTRY--PERSONAL NAME | |
| Personal name | Hyland, Ken |
| 245 ## - TITLE STATEMENT | |
| Statement of responsibility, etc | Ken Hyland.-- |
| Title | Second language writing/ |
| 260 ## - PUBLICATION, DISTRIBUTION, ETC. (IMPRINT) | |
| Place of publication, distribution, etc | United Kingdom: |
| Name of publisher, distributor, etc | Cambridge University Press |
| Date of publication, distribution, etc | 2003 |
| 300 ## - PHYSICAL DESCRIPTION | |
| Extent | xvii, 299 pages |
| 500 ## - GENERAL NOTE | |
| General note | Includes Reference, and Index |
| Withdrawn status | Lost status | Source of classification or shelving scheme | Damaged status | Home library | Current library | Shelving location | Date acquired | Source of acquisition | Total Checkouts | Full call number | Barcode | Date last seen | Price effective from | Koha item type |
|---|---|---|---|---|---|---|---|---|---|---|---|---|---|---|
| Library of Congress Classification | Southville International School Affiliated with Foreign Universities Library | Southville International School Affiliated with Foreign Universities Library | Southville Foreign University Section | 06/27/2020 | Donation | P 53.27 .H996 2003 | SFU1436 | 06/27/2020 | 06/27/2020 | Books |